01146nam a2200325 u 450000100070000000500170000700800410002403500110006504000130007604100080008908200080009710000450010524501890015026000430033930000140038265000210039665000300041765000510044765000270049865000350052565000180056065000170057865000270059565000450062270000390066770000480070670000460075450200120080052600080081281053120260506095744.0030513s2003 ||||||m| spa  a810531 ccomduadb aspa 4a62810aDominguez Gomez, Cesar Augusto4auteaut10aDiagnostico del manejo ambiental de las actividades agropecuarias en las microcuencas de las veredas Tesorero del municipio de Entrerrios y la Munoz del municipio de Santa Rosa de Osos aMedellín :b[sin publicador],c2003. a154 hojas aManejo ambiental aActividades agropecuarias aEmbalse Río Grande II - Antioquia (Colombia) 7aCalidad del agua2lemb 7aContaminación del agua2lemb 7aPlaguicidas2 aMicrocuencas aEntrerrios (Antioquia) aSanta Rosa de Osos (Antioquia, Colombia)10aLopez Naranjo, Juan Jose4auteaut10aMosquera Asprilla, Patricia Yanet4auteaut10aRamirez Delgado, Piedad Cecilia4auteaut b190c17 a192